| 000 | 01118ny a22002773n 4500 | ||
|---|---|---|---|
| 005 | 20240305165315.0 | ||
| 008 | 060221s2003 sp 001 0 spa c | ||
| 017 | _aD.L. B.39140-2003 | ||
| 020 | _a8484290263 | ||
| 035 | _a1258 | ||
| 040 |
_aUMA.DER _dvLex |
||
| 040 |
_aUMA.RE _dvLex |
||
| 080 | _a351.751(460)(0.034) | ||
| 090 |
_c365 _d365 |
||
| 100 | 1 | _aCarreras Serra, Lluís de | |
| 245 | 1 | 0 |
_aDerecho español de la información _h[Recurso electrónico] _cLluís de Carreras Serra |
| 256 | _aServicio en línea | ||
| 260 |
_aBarcelona : _bEditorial UOC, _c2003 |
||
| 300 |
_a420 p. ; _c24 cm |
||
| 506 | 1 |
_aContenido solo disponible en los productos indicados _dvLex Global _dvLex Global (Academic Edition, excluding Law Schools) _dvLex Global (U.S. Academic Edition, Law Schools) _dvLex Global (U.S. Academic Edition, excluding Law Schools) _dvLex Global (Academic Edition, Law Schools) |
|
| 650 | 0 | 7 |
_aConstitucional _2Tesauro vLex |
| 650 | 0 | 7 |
_aDerecho de la información _2Tesauro vLex |
| 740 | 0 | _avLex Libros (Servicios en línea) | |
| 856 | 4 | 0 | _uhttps://app.vlex.com/#/sources/1258 |
| 942 | _cRAA | ||
| 999 |
_c158895 _d158895 |
||